Statistics for Top10points scorers in NFL history

Click here to take the quiz!

General Stats

  • This quiz has been taken 3 times
  • The average score is 2 of 10

Answer Stats

PointsYears active% Correct
17992000-presentSebastian Janikowski
100%
23781996-presentAdam Vinatieri
67%
21501992-2012Jason Hanson
33%
20621987-2010John Carney
33%
25441982-2007Morten Andersen
0%
24341982-2004Gary Anderson
0%
20041990-2009Matt Stover
0%
20021949-1975George Blanda
0%
19831993-2009Jason Elam
0%
19701991-2011John Kasay
0%

Score Distribution

Percentile by Number Answered

Percent of People with Each Score

Your Score History

You have not taken this quiz